| 000 | 01070cam a2200229 4500 | ||
|---|---|---|---|
| 001 | WB3701-33 | ||
| 008 | 000000n2000 000 0 eng u | ||
| 035 | _a(Sirsi) u110062 | ||
| 245 | _aHeritage: a key asset for urban renewal? | ||
| 260 | _c2000 | ||
| 490 |
_aUrban Environment Today _v(111) 14 December 2000, 1(1) |
||
| 520 | _aIn a new report prepared for culture secretary Chris Smith, English Heritage contends that conservation areas and historic buildings should be treated as a key resource for economic renewal in new urban masterplans. It calls on government to promote the renovation and reuse of historic buildings through the use of fiscal incentives and planning measures. Copies of "Power of Place: the future of the historic environment" are available from English Heritage. Tel: 020 7973 3000. | ||
| 590 | _aWB | ||
| 650 | _aENGLISH HERITAGE | ||
| 650 | _aBUILDING CONSERVATION | ||
| 650 | _aURBAN RENEWAL | ||
| 650 | _aHISTORIC BUILDINGS | ||
| 650 | _aRENOVATION | ||
| 650 | _aECONOMIC VALUE | ||
| 690 | _aREGENERATION | ||
| 942 | _n0 | ||
| 999 |
_c65650 _d65650 |
||